How to stop smoking (Record no. 2885)

MARC details
000 -LEADER
fixed length control field 00284nam a22001217a 4500
008 - FIXED-LENGTH DATA ELEMENTS--GENERAL INFORMATION
fixed length control field 230522b |||||||| |||| 00| 0 eng d
082 ## - DEWEY DECIMAL CLASSIFICATION NUMBER
Classification number 616.865 TARH
100 ## - MAIN ENTRY--PERSONAL NAME
Personal name TARGET,George
245 ## - TITLE STATEMENT
Title How to stop smoking
260 ## - PUBLICATION, DISTRIBUTION, ETC.
Place of publication, distribution, etc. Delhi
Name of publisher, distributor, etc. Sudha Publ.
300 ## - PHYSICAL DESCRIPTION
Extent 103p.
942 ## - ADDED ENTRY ELEMENTS (KOHA)
Source of classification or shelving scheme Dewey Decimal Classification
Koha item type Book

No items available.

Venue

Rajasthan International Centre
Sansthan Path,JLN Marg, Jaipur- 302017
Phone: +91-7230904025